Kisértetek versek /

Elmentve itt :
Bibliográfiai részletek
Szerző: Keck József
Dokumentumtípus: Könyv
Megjelent: König Salamon Szeged, Magyarország 1919
Kulcsszavak:Magyar irodalom - vers
Tárgyszavak:
Online Access:http://misc.bibl.u-szeged.hu/57888
LEADER 00656nam a2200193 i 4500
001 misc57888
005 20210526173849.0
008 210526s1919 hu o 0|| hun d
040 |a SZTE Miscellanea Repozitórium  |b hun 
041 |a hun 
100 1 |a Keck József 
245 1 0 |a Kisértetek   |h [elektronikus dokumentum] :  |b versek /  |c  Keck József 
260 |a König Salamon  |b Szeged, Magyarország  |c 1919 
300 |a 61 p.  |c 23 cm 
650 4 |a Bölcsészettudományok 
650 4 |a Nyelvek és irodalom 
650 4 |a Általános irodalomtudományok 
695 |a Magyar irodalom - vers 
856 4 0 |u http://misc.bibl.u-szeged.hu/57888/1/xb_131895.pdf  |z Dokumentum-elérés